Sets, logic and maths for computing / (Record no. 11358)
[ view plain ]
| 000 -LEADER | |
|---|---|
| fixed length control field | 00999cam a22002655a 4500 |
| 001 - CONTROL NUMBER | |
| control field | 15262162 |
| 005 - DATE AND TIME OF LATEST TRANSACTION | |
| control field | 20090410072200.0 |
| 008 - FIXED-LENGTH DATA ELEMENTS--GENERAL INFORMATION | |
| fixed length control field | 080415s2008 nyu 000 0 eng |
| 010 ## - LIBRARY OF CONGRESS CONTROL NUMBER | |
| LC control number | 2008927215 |
| 020 ## - INTERNATIONAL STANDARD BOOK NUMBER | |
| International Standard Book Number | 9781846288449 (softcover) |
| 040 ## - CATALOGING SOURCE | |
| Original cataloging agency | DLC |
| Transcribing agency | DLC |
| 082 ## - DEWEY DECIMAL CLASSIFICATION NUMBER | |
| Edition number | 22 |
| Classification number | 004.0151 |
| Item number | MAK |
| 100 1# - MAIN ENTRY--PERSONAL NAME | |
| Personal name | Makinson, David. |
| 9 (RLIN) | 3959 |
| 245 10 - TITLE STATEMENT | |
| Title | Sets, logic and maths for computing / |
| Statement of responsibility, etc | David Makinson. |
| 250 ## - EDITION STATEMENT | |
| Edition statement | 1st.ed. |
| 260 ## - PUBLICATION, DISTRIBUTION, ETC. (IMPRINT) | |
| Place of publication, distribution, etc | New York : |
| Name of publisher, distributor, etc | Springer, |
| Date of publication, distribution, etc | 2008. |
| 263 ## - PROJECTED PUBLICATION DATE | |
| Projected publication date | 0807 |
| 300 ## - PHYSICAL DESCRIPTION | |
| Extent | 301p.: |
| Other physical details | ill.; |
| Dimensions | 24 cm. |
| 490 0# - Series Statement | |
| Series statement | Undergraduate topics in computer science |
| 504 ## - BIBLIOGRAPHY, ETC. NOTE | |
| Bibliography, etc | Includes bibliographical references and index. |
| 650 ## - SUBJECT ADDED ENTRY--TOPICAL TERM | |
| 9 (RLIN) | 3550 |
| Topical term or geographic name as entry element | Computer science |
| General subdivision | Mathematics. |
| 942 ## - ADDED ENTRY ELEMENTS (KOHA) | |
| Source of classification or shelving scheme | Dewey Decimal Classification |
| Item type | Book - Borrowing |
| Withdrawn status | Item status | Source of classification or shelving scheme | Damaged status | Not for loan | Vendor | Home library | Current library | Shelving location | Date acquired | Source of acquisition | Cost, normal purchase price | Serial Enumeration / chronology | Total Checkouts | Total Renewals | Full call number | Barcode | Date last seen | Date last borrowed | Koha item type |
|---|---|---|---|---|---|---|---|---|---|---|---|---|---|---|---|---|---|---|---|
| Dewey Decimal Classification | Alahram | Central Library | Central Library | Lower Floor | 21/04/2009 | 216.00 | 374 | 2 | 10 | 004.0151 MAK | 000016052 | 15/07/2025 | 22/10/2014 | Book - Borrowing |